000 00310nam a2200121Ia 4500
008 210430s9999 xx 000 0 und d
020 _a978-969-8893-06-4
082 _aK451C 595.726
100 _aShahzad Ali Khan
_99268
245 _aCricket Milestones
_cShahzad Ali Khan
300 _a100
942 _cBK
_2ddc
999 _c565344
_d565344